| 000 | 00363nam a2200157Ia 4500 | ||
|---|---|---|---|
| 008 | 221030s9999 xx 000 0 und d | ||
| 020 | _a812970579 | ||
| 041 | _aEnglish | ||
| 082 |
_a105.23 _bRao |
||
| 100 | _aK. R. M. Rao | ||
| 245 | 0 | _aServices Marketing | |
| 260 |
_bPearson Education _aDelhi _c2005 |
||
| 300 | _a358 | ||
| 650 | _aManagement | ||
| 942 | _cBK | ||
| 999 |
_c2126 _d2126 |
||